| 000 | 00444nam a22001697a 4500 | ||
|---|---|---|---|
| 999 |
_c526575 _d526575 |
||
| 003 | NUST | ||
| 020 | _cPaperback | ||
| 038 | _aM. Shaban | ||
| 082 |
_a891.4911 _bRIA |
||
| 100 |
_aRiaz Erum _917586 |
||
| 245 |
_aDardan dian patian / _cRiaz Erum |
||
| 260 |
_aMultan : _bJhoke Publications, _c2011. |
||
| 300 | _a112 p. ; | ||
| 880 |
_6100-01\r _aریاض اِرم |
||
| 880 |
_6245-02\r _aدرداں دیاں پٹیاں / |
||
| 942 |
_2ddc _cBK |
||